Cities in Alaska With Over 3,000 People - Statistics

General Stats
  • This quiz has been taken 12 times
  • The average score is 9 of 17
Answer Stats
Population (As of 2020) Answer % Correct
291,247 Anchorage
100%
32,515 Fairbanks
89%
32,255 Juneau
89%
3,699 Nome
89%
4,927 Utqiagvik
89%
8,458 Sitka
56%
3,985 Valdez
56%
9,054 Wasilla
56%
8,192 Ketchikan
44%
6,325 Bethel
33%
5,522 Homer
33%
5,581 Kodiak
33%
4,254 Unalaska
33%
7,424 Kenai
22%
3,102 Kotzebue
22%
5,888 Palmer
22%
4,342 Soldotna
11%
No matching quizzes found
Score Distribution
Percent of People with Each Score
Percentile by Number Answered
Your Score History
You have not taken this quiz